| 000 | 01168nam a2200277 c 4500 | ||
|---|---|---|---|
| 003 | BLK | ||
| 005 | 20180420231039.0 | ||
| 008 | 180409b bul|||||r ||||||| ||bul|| | ||
| 010 | _aKNG00120705000 | ||
| 040 | _aBLK | ||
| 041 |
_aRUS _cRUS |
||
| 080 |
_aПриложно изкуство. Художествени занаяти. Интериор. Дизайн. Играчки. Худож. пространствено оформление _b745/749 _x _z745/749 |
||
| 100 | 1 |
_aМоран, Анри де _eпърви автор _9314004 |
|
| 139 |
_aМоран, Анри де _bМ 89 |
||
| 245 | 1 | 0 |
_aИстория декоративно-прикладного искусства _bОт древнейших времен до наших дней _cАнри де Моран. |
| 257 | _aFRA | ||
| 260 |
_аМосква _bИскусство _c1982 |
||
| 300 |
_a577 с. _bс ил. _c23 см |
||
| 380 | _a7 | ||
| 500 | _aСписок ил. | ||
| 852 | _aЦб 120111 | ||
| 856 | 4 |
_qpdf _u |
|
| 856 | 4 |
_qpdf _u |
|
| 942 |
_cKNG _n0 |
||
| 944 |
_aCR _c08.01.2011 _lдобави в АБ / 07.01.2011 _kНаталия_Любомирова |
||
| 944 |
_aED _c08.01.2011 _lдобави в АБ / 07.01.2011 _k |
||
| 999 |
_c115232 _d115232 |
||